[Event "Litomysl 2007"]
[Site "?"]
[Date "2007.12.26"]
[Round "1.1"]
[White "Schwarz, Milan"]
[Black "Simacek, Pavel"]
[Result "1-0"]
[WhiteElo "2083"]
[BlackElo "2472"]
[PlyCount "116"]
[EventDate "2007.12.26"]

1. c4 Nf6 2. g3 e5 3. Bg2 d5 4. cxd5 Nxd5 5. Nc3 Nb6 6. Nf3 Nc6 7. O-O Be7 8.
a3 Be6 9. d3 f6 10. Na4 O-O 11. b4 Nxa4 12. Qxa4 a6 13. Bb2 Qd7 14. Rfe1 Rfd8
15. Rac1 Bd5 16. Nd2 Qe6 17. Bxd5 Rxd5 18. Ne4 Rc8 19. Nc3 Rd7 20. b5 Nb8 21.
Qc2 axb5 22. Nxb5 Na6 23. a4 c6 24. Na3 Nb4 25. Qc4 Nd5 26. Nc2 Qf7 27. a5 Ra8
28. Ra1 Ra6 29. Ra4 Nc7 30. Ba3 Qxc4 31. dxc4 b5 32. cxb5 cxb5 33. Re4 Bxa3 34.
Nxa3 Rxa5 35. Re3 b4 36. Nc2 Na6 37. Rb3 Rb7 38. Reb1 Kf7 39. R3b2 Rab5 40. Na3
Rc5 41. Nc2 Rc4 42. Kf1 b3 43. Ne3 Rcb4 44. Nd5 Rd4 45. Ne3 Nc5 46. Rc1 Na4 47.
Rbb1 Ke6 48. Ke1 Rdb4 49. Rc8 Rb8 50. Rc7 R4b7 51. Rc6+ Kd7 52. Rc4 Rb4 53.
Rxb4 Rxb4 54. Kd2 Kc6 55. Nc2 Rb7 56. Na1 b2 57. Nc2 Rd7+ 58. Ke3 Nc3 1-0

[Event "Litomysl 2007"]
[Site "?"]
[Date "2007.12.26"]
[Round "1.2"]
[White "Petr, Martin"]
[Black "Kapusta, Petr"]
[Result "1-0"]
[WhiteElo "2440"]
[BlackElo "2080"]
[PlyCount "111"]
[EventDate "2007.12.26"]

1. e4 c5 2. Nf3 d6 3. d4 cxd4 4. Nxd4 Nf6 5. Nc3 a6 6. f3 e5 7. Nb3 Be6 8. Be3
Be7 9. Qd2 Nbd7 10. g4 h6 11. O-O-O b5 12. Kb1 Rc8 13. h4 Nb6 14. Bxb6 Qxb6 15.
Nd5 Bxd5 16. exd5 b4 17. g5 hxg5 18. Bh3 g4 19. Bxg4 Nxg4 20. fxg4 Rxh4 21.
Rxh4 Bxh4 22. Qd3 g6 23. Nd2 Bg5 24. Ne4 Bf4 25. Qh3 Qc7 26. c4 bxc3 27. Nxc3
Ke7 28. Qh4+ g5 29. Qh7 Qd7 30. Qh3 Qc7 31. Qd3 Qc4 32. Qf5 a5 33. Rh1 a4 34.
a3 Rb8 35. Qc2 Rb7 36. Re1 Qb3 37. Nxa4 Qxa3 38. Nb6 Qc5 39. Qxc5 dxc5 40. Nc4
f6 41. Kc2 Rb4 42. b3 Rb8 43. Rh1 e4 44. Rh7+ Kf8 45. d6 Kg8 46. Ra7 Rd8 47. d7
Kf7 48. Na5 Ke6 49. Nb7 Kxd7 50. Nxd8+ Kxd8 51. Ra4 e3 52. Kd3 Kd7 53. Ra6 Be5
54. Kxe3 Kc7 55. Ke4 Kb7 56. Re6 1-0

[Event "Litomysl 2007"]
[Site "?"]
[Date "2007.12.26"]
[Round "1.3"]
[White "Sisak, Richard"]
[Black "Dobrowolski, Piotr"]
[Result "0-1"]
[WhiteElo "2080"]
[BlackElo "2425"]
[PlyCount "57"]
[EventDate "2007.12.26"]

1. Nf3 Nf6 2. g3 d5 3. Bg2 c6 4. O-O Bf5 5. d3 h6 6. Nbd2 e6 7. Re1 Bh7 8. b3
Bc5 9. Bb2 Qb6 10. d4 Be7 11. Ne5 Nbd7 12. Nxd7 Nxd7 13. e4 dxe4 14. Nxe4 O-O
15. Qe2 Nf6 16. Red1 Rfd8 17. Rd2 Nxe4 18. Bxe4 Bxe4 19. Qxe4 Bf6 20. Rad1 Rd7
21. Rd3 Rad8 22. c3 Qa6 23. a4 c5 24. Qg4 cxd4 25. cxd4 Rxd4 26. Kg2 Rc8 27.
Rf3 Qe2 28. Rf4 Qxb2 29. Rxf6 0-1

[Event "Litomysl 2007"]
[Site "?"]
[Date "2007.12.26"]
[Round "1.4"]
[White "Klima, Lukas"]
[Black "Cagara, Paulina"]
[Result "1-0"]
[WhiteElo "2422"]
[BlackElo "2076"]
[PlyCount "63"]
[EventDate "2007.12.26"]

1. e4 c6 2. d4 d5 3. e5 c5 4. dxc5 e6 5. Be3 Bd7 6. Nf3 Nc6 7. c3 Nge7 8. Na3
Nf5 9. Bg5 Qb8 10. Bd3 h6 11. Bc1 g6 12. g4 Ng7 13. Qe2 Bxc5 14. Nb5 a6 15. Be3
Be7 16. Nd6+ Bxd6 17. exd6 Qxd6 18. O-O-O b5 19. Kb1 h5 20. h3 O-O 21. Rdg1 e5
22. Bc2 e4 23. Nd4 h4 24. f4 b4 25. c4 Nxd4 26. Bxd4 Qxf4 27. Rf1 Qc7 28. Qe3
Kh7 29. Qg5 Qg3 30. Be5 f6 31. Rxf6 Rxf6 32. Qxf6 1-0

[Event "Litomysl 2007"]
[Site "?"]
[Date "2007.12.26"]
[Round "1.5"]
[White "Janocko, Petr"]
[Black "Manik, Mikulas"]
[Result "1/2-1/2"]
[WhiteElo "2073"]
[BlackElo "2420"]
[PlyCount "82"]
[EventDate "2007.12.26"]

1. d4 Nf6 2. Nf3 g6 3. c4 Bg7 4. Nc3 O-O 5. g3 d6 6. Bg2 c6 7. O-O Qa5 8. d5
cxd5 9. cxd5 Na6 10. Nd4 Bd7 11. Nb3 Qd8 12. Be3 Rc8 13. Bd4 Nc5 14. Nxc5 dxc5
15. Bxf6 Bxf6 16. d6 b5 17. dxe7 Bxe7 18. Nd5 Re8 19. Qd2 Bf8 20. Rad1 Bg7 21.
h4 Bg4 22. Rfe1 h5 23. Bf3 Bxf3 24. exf3 Rxe1+ 25. Qxe1 Kf8 26. b3 Qd6 27. Nf4
Qc6 28. Qa5 Bd4 29. Kg2 a6 30. Qa3 Kg8 31. Qc1 Bg7 32. Nd5 Re8 33. Qg5 Kh7 34.
Qf4 Kg8 35. Qg5 Qd6 36. Ne3 Qe7 37. Qxe7 Rxe7 38. Rd6 Re6 39. Rd8+ Bf8 40. Rc8
Kg7 41. f4 f5 1/2-1/2

[Event "Litomysl 2007"]
[Site "?"]
[Date "2007.12.26"]
[Round "1.6"]
[White "Zeberski, Jakub"]
[Black "Vrchotka, Josef"]
[Result "1/2-1/2"]
[WhiteElo "2411"]
[BlackElo "2071"]
[PlyCount "105"]
[EventDate "2007.12.26"]

1. e4 c6 2. d4 d5 3. Nc3 dxe4 4. Nxe4 Nf6 5. Nxf6+ exf6 6. c3 Bd6 7. Bd3 O-O 8.
Qc2 Re8+ 9. Ne2 Kh8 10. O-O Nd7 11. Bf4 Nf8 12. Bg3 Bg4 13. Rfe1 Bxe2 14. Rxe2
Bxg3 15. hxg3 g6 16. Rae1 Qd7 17. Qb3 b6 18. Bc4 Rxe2 19. Rxe2 Re8 20. Rxe8
Qxe8 21. Bxf7 Qe1+ 22. Kh2 Qxf2 23. Qb4 c5 24. dxc5 Qxc5 25. Qxc5 bxc5 26. b4
cxb4 27. cxb4 Nd7 28. Be8 Nb6 29. a4 Kg7 30. a5 Nc4 31. Kg1 Kf8 32. Bb5 Ne3 33.
Bc6 Ke7 34. b5 Kd6 35. Bf3 Kc7 36. Be2 Nf5 37. Kf2 Nd6 38. Ke3 Nb7 39. a6 Nd6
40. Kd4 Kb6 41. Kd5 Nxb5 42. Bc4 Nc7+ 43. Kd6 Nxa6 44. Bg8 Nc5 45. Bxh7 Ne4+
46. Kd5 Nxg3 47. Bxg6 a5 48. Kc4 Kc6 49. Be8+ Kd6 50. Kb5 Nf5 51. Kxa5 Ne3 52.
Bb5 Nxg2 53. Kb4 1/2-1/2

[Event "Litomysl 2007"]
[Site "?"]
[Date "2007.12.26"]
[Round "1.9"]
[White "Trojan, Lubos"]
[Black "Krejci, Jan"]
[Result "1-0"]
[WhiteElo "2050"]
[BlackElo "2397"]
[PlyCount "71"]
[EventDate "2007.12.26"]

1. d4 d5 2. Nf3 Nf6 3. Bf4 e6 4. e3 Be7 5. Bd3 O-O 6. Nbd2 Nbd7 7. h3 c5 8. c3
b6 9. O-O Bb7 10. Qb1 h6 11. g4 Re8 12. Ne5 Nxe5 13. Bxe5 Nd7 14. Bh2 Bf6 15.
f4 cxd4 16. cxd4 Nf8 17. Nf3 Rc8 18. Qe1 Qe7 19. h4 g6 20. Bg3 Bg7 21. Ne5 Nd7
22. Qe2 Nf6 23. Qh2 h5 24. f5 exf5 25. gxf5 Ng4 26. Nxg4 hxg4 27. Bf4 gxf5 28.
Bxf5 Rc6 29. Rac1 Rxc1 30. Rxc1 Ba6 31. Qg3 Qb4 32. Qxg4 Qxb2 33. Rc2 Qb1+ 34.
Kh2 Qb4 35. Rg2 Qf8 36. Qh5 1-0

[Event "Litomysl 2007"]
[Site "?"]
[Date "2007.12.26"]
[Round "1.14"]
[White "Zawadzka, Jolanta"]
[Black "Lacina, Filip"]
[Result "1-0"]
[WhiteElo "2371"]
[BlackElo "2007"]
[PlyCount "61"]
[EventDate "2007.12.26"]

1. e4 c5 2. Nf3 Nc6 3. d4 cxd4 4. Nxd4 Nf6 5. Nc3 e5 6. Ndb5 d6 7. Bg5 a6 8.
Na3 b5 9. Nd5 Be7 10. Bxf6 Bxf6 11. c4 b4 12. Nc2 Rb8 13. b3 O-O 14. g3 Bg5 15.
Bg2 f5 16. exf5 Bxf5 17. O-O Bxc2 18. Qxc2 Nd4 19. Qd3 Ne6 20. Rad1 Nc5 21. Qe2
a5 22. Kh1 Kh8 23. Qg4 a4 24. f4 exf4 25. gxf4 Bf6 26. bxa4 Nxa4 27. Rd3 Nb2
28. Rh3 Nxc4 29. Be4 h6 30. Qg6 Kg8 31. Rxh6 1-0

[Event "Litomysl 2007"]
[Site "?"]
[Date "2007.12.26"]
[Round "1.15"]
[White "Rmoutil, Martin"]
[Black "Sabol, Marian"]
[Result "0-1"]
[WhiteElo "2000"]
[BlackElo "2333"]
[PlyCount "46"]
[EventDate "2007.12.26"]

1. e4 c5 2. Nf3 Nf6 3. Nc3 d6 4. d4 cxd4 5. Nxd4 a6 6. Bc4 e6 7. Bb3 Be7 8. f4
Nc6 9. O-O Qc7 10. e5 dxe5 11. Nxc6 bxc6 12. fxe5 Qxe5 13. Qf3 Bb7 14. Bf4 Qh5
15. Qg3 O-O 16. Rae1 Qg6 17. Qf3 Rad8 18. Bc4 Qh5 19. Re5 Qxf3 20. Rxf3 c5 21.
Rf1 Rd4 22. b3 Bd6 23. Na4 Rxf4 0-1

[Event "Litomysl 2007"]
[Site "?"]
[Date "2007.12.26"]
[Round "1.16"]
[White "Mudrak, Josef"]
[Black "Lamser, Tomas"]
[Result "1-0"]
[WhiteElo "2324"]
[BlackElo "1991"]
[PlyCount "65"]
[EventDate "2007.12.26"]

1. d4 d6 2. Nf3 Nf6 3. g3 g6 4. Bg2 Bg7 5. O-O O-O 6. a4 c6 7. Nbd2 Bf5 8. Nh4
Qc8 9. Nxf5 Qxf5 10. e4 Qc8 11. a5 Nbd7 12. Re1 e5 13. dxe5 dxe5 14. Nc4 Qc7
15. b3 Rad8 16. Ba3 Rfe8 17. Nd6 Rf8 18. Qe2 c5 19. Nb5 Qb8 20. Red1 a6 21. Nd6
Qc7 22. Nc4 Nb8 23. c3 Nfd7 24. Rd5 Rfe8 25. Rad1 Bf8 26. Bh3 Nf6 27. Rxd8 Rxd8
28. Rxd8 Qxd8 29. Nxe5 Qxa5 30. Qc4 Qc7 31. Nxf7 b5 32. Nh6+ Kg7 33. Qe6 1-0

[Event "Litomysl 2007"]
[Site "?"]
[Date "2007.12.26"]
[Round "1.25"]
[White "Vanek, Marian"]
[Black "Plat, Vojtech"]
[Result "0-1"]
[WhiteElo "1930"]
[BlackElo "2296"]
[PlyCount "32"]
[EventDate "2007.12.26"]

1. Nf3 d5 2. g3 Nf6 3. Bg2 g6 4. O-O Bg7 5. d3 O-O 6. Nbd2 b6 7. e4 Bb7 8. Qe2
e6 9. Rd1 c5 10. a4 Nc6 11. Nb3 Ba6 12. c4 dxc4 13. dxc4 Bxc4 14. Qc2 Nb4 15.
Qxc4 Qxd1+ 16. Qf1 Qxb3 0-1

[Event "Litomysl 2007"]
[Site "?"]
[Date "2007.12.26"]
[Round "1.29"]
[White "Nytrova, Adela"]
[Black "Biolek, Richard Jr"]
[Result "1/2-1/2"]
[WhiteElo "1890"]
[BlackElo "2277"]
[PlyCount "41"]
[EventDate "2007.12.26"]

1. e4 e5 2. Nf3 Nc6 3. Bb5 a6 4. Ba4 f5 5. Nc3 b5 6. Bb3 b4 7. Nd5 fxe4 8. Ng1
Nf6 9. d3 Nd4 10. Bg5 Be7 11. Bxf6 Bxf6 12. dxe4 c6 13. Nxf6+ Qxf6 14. Ne2 Nxb3
15. axb3 O-O 16. O-O Bb7 17. Qxd7 Rf7 18. Qd2 c5 19. Ng3 Qf4 20. Qd3 a5 21. f3
1/2-1/2

[Event "Litomysl 2007"]
[Site "?"]
[Date "2007.12.26"]
[Round "1.31"]
[White "Sochorova, Jana"]
[Black "Kubecka, David"]
[Result "0-1"]
[WhiteElo "1885"]
[BlackElo "2271"]
[PlyCount "72"]
[EventDate "2007.12.26"]

1. Nf3 Nf6 2. d4 g6 3. c4 Bg7 4. Nc3 O-O 5. g3 d6 6. Bg2 Nbd7 7. O-O e5 8. e4
Re8 9. Re1 a6 10. b4 a5 11. dxe5 Nxe5 12. Nxe5 dxe5 13. Qxd8 Rxd8 14. Nd5 Nxd5
15. cxd5 axb4 16. Bd2 Bf8 17. Reb1 Ra4 18. Bf3 c6 19. Bd1 Ra5 20. Bb3 c5 21. a3
Bg4 22. axb4 Rxa1 23. Rxa1 cxb4 24. Bd1 Bxd1 25. Rxd1 Rc8 26. Rb1 Rc4 27. f3 f5
28. Rc1 Rxc1+ 29. Bxc1 Bc5+ 30. Kf1 Bd4 31. d6 Kf7 32. Bg5 Ke6 33. Ke2 b3 34.
Kd3 fxe4+ 35. fxe4 Kxd6 36. Bd2 Kc5 0-1

[Event "Litomysl 2007"]
[Site "?"]
[Date "2007.12.26"]
[Round "1.37"]
[White "Kapoun, Milan"]
[Black "Bujnoch, Radek"]
[Result "1/2-1/2"]
[WhiteElo "1787"]
[BlackElo "2251"]
[PlyCount "127"]
[EventDate "2007.12.26"]

1. e4 c5 2. Nf3 Nc6 3. d4 cxd4 4. Nxd4 Nf6 5. f3 e5 6. Nb5 d6 7. c4 a6 8. N5c3
Be6 9. Nd5 Be7 10. Nbc3 O-O 11. Be3 Nd7 12. Qd2 Rc8 13. Nxe7+ Qxe7 14. Rd1 Nd4
15. Bxd4 exd4 16. Qxd4 Ne5 17. Nd5 Bxd5 18. Qxd5 Qh4+ 19. g3 Qh5 20. Be2 Nxf3+
21. Kf2 Qxd5 22. Rxd5 Ne5 23. b3 f5 24. Rxd6 Rce8 25. exf5 Rxf5+ 26. Kg2 Ref8
27. Rf1 Rxf1 28. Bxf1 Ng4 29. Bd3 Rf2+ 30. Kh3 h5 31. Kh4 Rxh2+ 32. Kg5 Nf6 33.
Rd8+ Kf7 34. Rb8 Rh3 35. Rxb7+ Kf8 36. Kf4 h4 37. c5 hxg3 38. Bf1 Rh5 39. c6
Rc5 40. Bg2 Rc3 41. Ra7 Nh5+ 42. Kg5 Rc5+ 43. Kh4 Ke8 44. Kg4 Rc2 45. Kxh5 Rxg2
46. Kg4 Rxa2 47. Kxg3 Kd8 48. Rxg7 Rc2 49. Kf4 Rxc6 50. Ke5 Rb6 51. Rg3 Kc7 52.
Kd5 Rh6 53. Kc5 Rh5+ 54. Kb4 Kb6 55. Rg6+ Kb7 56. Ka4 Ka7 57. b4 Rh3 58. Rc6
Kb7 59. Rc5 Kb6 60. Rg5 Rf3 61. Rg6+ Kb7 62. Rg5 Kb6 63. Rd5 Rh3 64. Rd6+
1/2-1/2

[Event "Litomysl 2007"]
[Site "?"]
[Date "2007.12.26"]
[Round "1.38"]
[White "Vrana, Jan"]
[Black "Palla, Rostislav"]
[Result "1-0"]
[WhiteElo "2248"]
[BlackElo "1786"]
[PlyCount "39"]
[EventDate "2007.12.26"]

1. e4 c5 2. c3 Nc6 3. d4 cxd4 4. cxd4 Nf6 5. Nc3 d6 6. h3 e6 7. Nf3 Be7 8. Be2
O-O 9. O-O a6 10. a4 Bd7 11. Be3 Na7 12. Qb3 Qb8 13. d5 e5 14. a5 Rc8 15. Nd2
Bd8 16. Qb4 Ne8 17. Rfc1 f5 18. f3 Bh4 19. exf5 Bxf5 20. Qxh4 1-0

[Event "Litomysl 2007"]
[Site "?"]
[Date "2007.12.26"]
[Round "1.45"]
[White "Prokopova, Jirina"]
[Black "Valenta, Vit"]
[Result "0-1"]
[WhiteElo "1536"]
[BlackElo "2203"]
[PlyCount "40"]
[EventDate "2007.12.26"]

1. e4 e5 2. Nf3 Nc6 3. Bc4 Be7 4. c3 Nf6 5. d3 O-O 6. Nbd2 d5 7. Bb3 Bg4 8. Qe2
dxe4 9. dxe4 Nh5 10. g3 Bh3 11. Nh4 g6 12. Ndf3 Bxh4 13. Nxh4 Nf4 14. gxf4 Qxh4
15. Rg1 exf4 16. Qf3 Ne5 17. Qe2 Rad8 18. Bc2 Be6 19. Bd2 Bc4 20. Qd1 Rxd2 0-1

[Event "Litomysl 2007"]
[Site "?"]
[Date "2007.12.27"]
[Round "2.1"]
[White "Simacek, Pavel"]
[Black "Skliba, Martin"]
[Result "1-0"]
[WhiteElo "2472"]
[BlackElo "2255"]
[PlyCount "75"]
[EventDate "2007.12.26"]

1. e4 c5 2. d4 cxd4 3. c3 d3 4. Bxd3 g6 5. Nf3 Nc6 6. Bc2 Bg7 7. h3 d6 8. O-O
Nf6 9. Qe2 O-O 10. Rd1 Qa5 11. Na3 Qh5 12. Nb5 Ne5 13. Nbd4 Nxf3+ 14. Nxf3 Nd7
15. Bg5 Bf6 16. Bxf6 Nxf6 17. a4 Be6 18. a5 Rac8 19. Qe3 Qc5 20. Nd4 Bd7 21.
Ra3 Kg7 22. b4 Qc7 23. Bd3 a6 24. c4 e5 25. Ne2 Be6 26. Rc1 Qe7 27. Rac3 Nd7
28. Ng3 f5 29. exf5 gxf5 30. f4 e4 31. Bf1 h6 32. Rd1 Kh7 33. Qd4 Rc6 34. Re3
Qh4 35. b5 axb5 36. cxb5 Rc2 37. Qxd6 Nc5 38. Qxf8 1-0

[Event "Litomysl 2007"]
[Site "?"]
[Date "2007.12.27"]
[Round "2.2"]
[White "Molnar, Peter"]
[Black "Petr, Martin"]
[Result "0-1"]
[WhiteElo "2257"]
[BlackElo "2440"]
[PlyCount "66"]
[EventDate "2007.12.26"]

1. d4 e6 2. c4 d5 3. Nc3 c6 4. e3 Nf6 5. Nf3 Nbd7 6. Qc2 Bd6 7. b3 O-O 8. Be2
Qe7 9. O-O b6 10. e4 Nxe4 11. Nxe4 dxe4 12. Qxe4 Bb7 13. Bf4 Rfd8 14. Bxd6 Qxd6
15. Rad1 Rab8 16. Qe3 c5 17. dxc5 Qxc5 18. Qd4 Kf8 19. Qh4 Nf6 20. Ng5 Qf5 21.
Qg3 e5 22. Bd3 e4 23. Bc2 Rbc8 24. Nf3 Qc5 25. Ne5 h5 26. Qc3 a5 27. Rxd8+ Rxd8
28. Rd1 Re8 29. Nd7+ Nxd7 30. Rxd7 e3 31. Kf1 Qg5 32. Rxb7 e2+ 33. Ke1 Qc1+ 0-1

[Event "Litomysl 2007"]
[Site "?"]
[Date "2007.12.27"]
[Round "2.3"]
[White "Dobrowolski, Piotr"]
[Black "Vrana, Jan"]
[Result "1/2-1/2"]
[WhiteElo "2425"]
[BlackElo "2248"]
[PlyCount "148"]
[EventDate "2007.12.26"]

1. d4 d5 2. c4 e6 3. Nf3 Nf6 4. Nc3 Be7 5. Bf4 O-O 6. e3 c5 7. dxc5 Bxc5 8. Qc2
Nc6 9. a3 Re8 10. Bg3 d4 11. exd4 Nxd4 12. Nxd4 Bxd4 13. O-O-O e5 14. Nb5 Qb6
15. Nxd4 exd4 16. c5 Qa5 17. Bc4 Be6 18. Bxe6 Rxe6 19. Rxd4 Rc8 20. Kb1 Rxc5
21. Qd3 Rc8 22. Rd1 Re1 23. f3 Rxd1+ 24. Qxd1 h6 25. Qd3 Re8 26. Rd6 Qc5 27.
Rd4 Qa5 28. Qd2 Qa6 29. Rd3 Qb5 30. Bf2 a6 31. g4 Nh7 32. h4 Nf8 33. Be3 Ne6
34. Qc2 h5 35. a4 Qe5 36. Bc1 hxg4 37. fxg4 Qe4 38. Rg3 Qe5 39. Re3 Qd4 40. Qe4
Rd8 41. h5 b5 42. axb5 axb5 43. g5 Qxe4+ 44. Rxe4 Rd5 45. Rg4 Kf8 46. h6 Kg8
47. b3 Kh7 48. Rg2 gxh6 49. gxh6 Rf5 50. Ka2 f6 51. Ka3 Ng5 52. Rh2 Rd5 53. Kb4
Rf5 54. Ka5 Rd5 55. b4 Rf5 56. Kb6 Re5 57. Ra2 Ne4 58. Rg2 Ng5 59. Rh2 Rf5 60.
Kc6 Nf3 61. Rg2 Ng5 62. Rh2 Nf3 63. Rh1 Ng5 64. Kb6 Ne4 65. Bb2 Ng5 66. Bd4 Nf7
67. Bc5 Re5 68. Kxb5 Nxh6 69. Kc6 Kg6 70. b5 Nf7 71. Rd1 Re2 72. Rg1+ Kf5 73.
b6 Rc2 74. Rf1+ Ke6 1/2-1/2

[Event "Litomysl 2007"]
[Site "?"]
[Date "2007.12.27"]
[Round "2.4"]
[White "Blazkova, Petra"]
[Black "Klima, Lukas"]
[Result "0-1"]
[WhiteElo "2239"]
[BlackElo "2422"]
[PlyCount "108"]
[EventDate "2007.12.26"]

1. e4 c5 2. Nf3 Nc6 3. d4 cxd4 4. Nxd4 Nf6 5. Nc3 e5 6. Ndb5 d6 7. a4 a6 8. Na3
Be6 9. Bg5 Be7 10. Bxf6 Bxf6 11. Bc4 O-O 12. Nd5 Bg5 13. O-O Kh8 14. c3 g6 15.
Qe2 f5 16. exf5 gxf5 17. Qh5 Bf7 18. Qh3 Bg6 19. Be2 Ne7 20. Rad1 Nxd5 21. Rxd5
Bf7 22. Rdd1 Bb3 23. Nc4 Bxd1 24. Rxd1 Qe7 25. Qh5 Rad8 26. Nb6 Qg7 27. Nd5 e4
28. h4 Bh6 29. Nc7 Qxc7 30. Qxh6 f4 31. Rd5 Qe7 32. Rg5 d5 33. Rg6 f3 34. gxf3
exf3 35. Bd3 Rg8 36. h5 Qe1+ 37. Kh2 Rxg6 38. Bxg6 Qxf2+ 39. Kh3 Qg2+ 40. Kh4
Qh2+ 41. Kg4 Qc7 42. Kxf3 Qg7 43. Qxg7+ Kxg7 44. Bc2 d4 45. cxd4 Rxd4 46. Ke3
Rh4 47. Bd1 a5 48. b3 Kf6 49. Kd3 Ke5 50. Be2 b6 51. Kc3 Kd5 52. Bf3+ Kc5 53.
Bd1 Rh3+ 54. Kb2 Kd4 0-1

[Event "Litomysl 2007"]
[Site "?"]
[Date "2007.12.27"]
[Round "2.5"]
[White "Cernousek, Lukas"]
[Black "Salama, Omar"]
[Result "1/2-1/2"]
[WhiteElo "2405"]
[BlackElo "2232"]
[PlyCount "136"]
[EventDate "2007.12.26"]

1. d4 Nf6 2. c4 g6 3. Nf3 Bg7 4. g3 O-O 5. Bg2 d6 6. O-O Nc6 7. d5 Na5 8. Nfd2
c5 9. Nc3 a6 10. Qc2 Rb8 11. b3 b5 12. Bb2 e6 13. dxe6 Bxe6 14. cxb5 axb5 15.
Nde4 b4 16. Nxf6+ Qxf6 17. Nd1 Qe7 18. Bxg7 Kxg7 19. Ne3 Rfe8 20. Rfd1 Rbc8 21.
Qd3 Nc6 22. Qxd6 Qxd6 23. Rxd6 Nd4 24. Kf1 Re7 25. Ra6 Rcc7 26. Rd1 Ra7 27.
Rxa7 Rxa7 28. Rd2 Nb5 29. Nd1 Nc3 30. Nxc3 bxc3 31. Rc2 Bxb3 32. Rxc3 Rxa2 33.
Bf3 c4 34. Bd5 Ra4 35. e4 f5 36. exf5 gxf5 37. Kg2 Kf6 38. Kf3 Ke5 39. Bg8 Kd4
40. Rc1 Kd3 41. Bxh7 Kd2 42. Rb1 Bc2 43. Rb2 c3 44. Rxc2+ Kxc2 45. Bxf5+ Kd2
46. h4 c2 47. Bxc2 Kxc2 48. h5 Kd3 49. g4 Ra8 50. Kf4 Rf8+ 51. Kg5 Rg8+ 52. Kf5
Rf8+ 53. Kg6 Rg8+ 54. Kf5 Rf8+ 55. Ke6 Ke4 56. g5 Kf4 57. g6 Kg5 58. Ke7 Ra8
59. Kf7 Ra7+ 60. Kf8 Ra8+ 61. Kf7 Kxh5 62. g7 Ra7+ 63. Kf8 Ra8+ 64. Kf7 Ra7+
65. Kf6 Rxg7 66. Kxg7 Kg4 67. Kf6 Kf3 68. Ke5 Kxf2 1/2-1/2

[Event "Litomysl 2007"]
[Site "?"]
[Date "2007.12.27"]
[Round "2.6"]
[White "Borik, Juraj"]
[Black "Spirin, Oleg"]
[Result "1/2-1/2"]
[WhiteElo "2220"]
[BlackElo "2404"]
[PlyCount "129"]
[EventDate "2007.12.26"]

1. e4 c5 2. Nf3 d6 3. d4 cxd4 4. Nxd4 Nf6 5. Nc3 a6 6. Bg5 Nc6 7. Qd2 e6 8.
O-O-O h6 9. Be3 Nxd4 10. Bxd4 b5 11. f3 Qa5 12. Qf2 Rb8 13. e5 dxe5 14. Bxe5 b4
15. Bxf6 gxf6 16. Ne4 Be7 17. Bc4 Qb6 18. Qg3 Kf8 19. Kb1 Rb7 20. Bb3 Rd7 21.
Ba4 Rd5 22. h4 f5 23. Rxd5 exd5 24. Qf2 Qxf2 25. Nxf2 Bc5 26. Nd3 Bd6 27. Re1
Be6 28. Re2 Rg8 29. c3 bxc3 30. bxc3 a5 31. Kc2 Ke7 32. Bb5 Kf6 33. Kb3 Rc8 34.
f4 Rg8 35. Ka4 Bc7 36. Ne5 Rg3 37. c4 Rc3 38. cxd5 Bxd5 39. g4 fxg4 40. Nxg4+
Kg7 41. Ne5 Bb6 42. f5 Bd4 43. Nd7 Bf3 44. Rd2 Be3 45. Rd6 Bf4 46. Rd4 Bc7 47.
f6+ Kg6 48. Bd3+ Kh5 49. Kb5 Rxd3 50. Rxd3 Be2 51. Kc6 Bxd3 52. Kxc7 Bc4 53. a3
Kxh4 54. Kd6 h5 55. Ne5 Bb3 56. Ke7 Kg3 57. Nxf7 Kf4 58. Nd8 Kf5 59. Nc6 Bd5
60. Nd4+ Ke5 61. Nf3+ Kf4 62. Nh4 Kg5 63. Nf3+ Kf4 64. Nh4 Kg5 65. Nf3+ 1/2-1/2

[Event "Litomysl 2007"]
[Site "?"]
[Date "2007.12.27"]
[Round "2.10"]
[White "Degtiarev, Evgeny"]
[Black "Hagenbach, Udo"]
[Result "1-0"]
[WhiteElo "2371"]
[BlackElo "2203"]
[PlyCount "83"]
[EventDate "2007.12.26"]

1. d4 Nf6 2. c4 g6 3. Nc3 d5 4. cxd5 Nxd5 5. e4 Nxc3 6. bxc3 Bg7 7. Bc4 c5 8.
Ne2 Nc6 9. Be3 O-O 10. O-O Bg4 11. f3 Na5 12. Bd3 cxd4 13. cxd4 Be6 14. d5 Bxa1
15. Qxa1 f6 16. Qd4 Bf7 17. Bh6 Re8 18. Bb5 Qd6 19. Bxe8 Bxe8 20. Rc1 b5 21.
Bf4 e5 22. dxe6 Qxe6 23. Nc3 Bc6 24. Nd5 Bxd5 25. exd5 Qb6 26. Qxb6 axb6 27. d6
Nc4 28. d7 Rd8 29. Rd1 Ne5 30. Bxe5 fxe5 31. Kf2 Kf7 32. Ke3 Ke6 33. Ke4 Rxd7
34. Rxd7 Kxd7 35. Kxe5 Ke7 36. Kd5 Kd7 37. a3 g5 38. g3 h6 39. f4 gxf4 40. gxf4
h5 41. h4 Ke7 42. Ke5 1-0

[Event "Litomysl 2007"]
[Site "?"]
[Date "2007.12.27"]
[Round "2.17"]
[White "Bebel, Arkadiusz"]
[Black "Mueller, Oliver"]
[Result "1/2-1/2"]
[WhiteElo "2153"]
[BlackElo "2309"]
[PlyCount "51"]
[EventDate "2007.12.26"]

1. e4 e5 2. Nc3 Nc6 3. g3 Nf6 4. Bg2 Bc5 5. Nge2 d6 6. d3 Be6 7. O-O O-O 8. h3
a6 9. Kh2 d5 10. Bg5 dxe4 11. Nxe4 Be7 12. Nxf6+ Bxf6 13. Bxf6 Qxf6 14. Nc3 Qh6
15. f4 exf4 16. Rxf4 f5 17. Rh4 Qf6 18. Nd5 Bxd5 19. Bxd5+ Kh8 20. Qh5 h6 21.
Re1 Qxb2 22. Re6 Rf6 23. Re8+ Rf8 24. Re6 Rf6 25. Re8+ Rf8 26. Re6 1/2-1/2

[Event "Litomysl 2007"]
[Site "?"]
[Date "2007.12.27"]
[Round "2.18"]
[White "Zakharchenko, Arnold"]
[Black "Sott, Pavel"]
[Result "1/2-1/2"]
[WhiteElo "2307"]
[BlackElo "2148"]
[PlyCount "34"]
[EventDate "2007.12.26"]

1. d4 Nf6 2. c4 c5 3. d5 e6 4. Nc3 exd5 5. cxd5 g6 6. e4 d6 7. h3 Bg7 8. Nf3
O-O 9. Bd3 b5 10. Nxb5 Nxe4 11. Bxe4 Re8 12. O-O Rxe4 13. Ng5 Rb4 14. Nc3 Ba6
15. Re1 Nd7 16. Nge4 Rd4 17. Qb3 Rb8 1/2-1/2

[Event "Litomysl 2007"]
[Site "?"]
[Date "2007.12.27"]
[Round "2.19"]
[White "Gruber, Michael"]
[Black "Stachowiak, Kamil"]
[Result "1/2-1/2"]
[WhiteElo "2141"]
[BlackElo "2307"]
[PlyCount "29"]
[EventDate "2007.12.26"]

1. e4 c5 2. Nf3 e6 3. d4 cxd4 4. Nxd4 a6 5. Nc3 b5 6. Bd3 Qb6 7. Nf3 Qc7 8. O-O
Bb7 9. Re1 d6 10. a4 b4 11. Na2 Nc6 12. Bd2 Qb6 13. Be3 Qc7 14. Bd2 Qb6 15. Be3
1/2-1/2

[Event "Litomysl 2007"]
[Site "?"]
[Date "2007.12.27"]
[Round "2.21"]
[White "Hrbolka, Ladislav"]
[Black "Hoffmann, Paul"]
[Result "0-1"]
[WhiteElo "2139"]
[BlackElo "2302"]
[PlyCount "52"]
[EventDate "2007.12.26"]

1. d4 d6 2. Nf3 Bg4 3. c4 c6 4. Nc3 Nd7 5. g3 e5 6. Bg2 Be7 7. O-O Qc7 8. h3
Bh5 9. d5 c5 10. e4 a6 11. Rb1 h6 12. g4 Bg6 13. Be3 Bh7 14. a3 Ngf6 15. Nd2 g5
16. b4 b6 17. Ne2 O-O 18. Ng3 Rfb8 19. Qf3 cxb4 20. axb4 a5 21. Nf5 Bxf5 22.
Qxf5 Nf8 23. h4 Ng6 24. Nf3 Ne8 25. Nxg5 hxg5 26. Bxg5 Ng7 0-1

[Event "Litomysl 2007"]
[Site "?"]
[Date "2007.12.27"]
[Round "2.22"]
[White "Plat, Vojtech"]
[Black "Sochor, Stanislav"]
[Result "1-0"]
[WhiteElo "2296"]
[BlackElo "2132"]
[PlyCount "61"]
[EventDate "2007.12.26"]

1. d4 d5 2. Nf3 e6 3. Bg5 Nf6 4. Nbd2 Be7 5. e3 Nbd7 6. Bd3 b6 7. c3 Bb7 8. Qb1
c5 9. O-O Qc7 10. Re1 h6 11. Bh4 Bd6 12. e4 dxe4 13. Nxe4 Nxe4 14. Bxe4 g5 15.
Bg3 Bxg3 16. hxg3 O-O-O 17. b4 g4 18. Nd2 c4 19. Bxb7+ Kxb7 20. Qe4+ Kb8 21.
Qxg4 Nf6 22. Qe2 Nd5 23. Rec1 b5 24. a4 a6 25. axb5 axb5 26. Ra5 Qb6 27. Ne4
Nc7 28. Nc5 Rd5 29. Qf3 Rhd8 30. Rca1 f5 31. Na6+ 1-0

[Event "Litomysl 2007"]
[Site "?"]
[Date "2007.12.27"]
[Round "2.23"]
[White "Medunova, Vera"]
[Black "Ganaus, Hannes"]
[Result "1/2-1/2"]
[WhiteElo "2129"]
[BlackElo "2294"]
[PlyCount "32"]
[EventDate "2007.12.26"]

1. e4 e6 2. d4 d5 3. exd5 exd5 4. Bd3 c5 5. dxc5 Bxc5 6. Qe2+ Ne7 7. Nf3 Nbc6
8. O-O O-O 9. Nbd2 Nf5 10. Nb3 Re8 11. Qd1 Bf8 12. c3 h6 13. Bf4 Qf6 14. Qd2 g5
15. Bxf5 Bxf5 16. Bg3 Rad8 1/2-1/2